| 000 | 00420nam a2200169Ia 4500 | ||
|---|---|---|---|
| 005 | 20240625080530.0 | ||
| 008 | 240331s9999 xx 000 0 und d | ||
| 020 | _a041510436X | ||
| 082 |
_a100 _bMAC |
||
| 100 | _aMackie, J.L | ||
| 245 | 0 |
_aHume's moraltheory : _bintrenational library of philosophy |
|
| 250 | _a1 st | ||
| 260 |
_aLondon _bRoutledge _c1980 |
||
| 300 | _a166 p ., | ||
| 650 | _amoral theory | ||
| 942 | _cL | ||
| 999 |
_c704 _d704 |
||